00738 2200229 4500001002100000005001700021008004100038035002500079040001200104082001600116084002100132100001600153245007200169260006200241300003600303500007600339504002900415650002300444700001100467850001200478990001800490INLIS00000000000874920150804094742.0  a0010-081500000000187 aYOPDYOG 223a297.267 aSK 297.267 Sri A aSRI Lestari aAspek mistik dalam tradisi saparan Ki Ageng Wonoleloc/ Sri Lestari aYogyakartabUniversitas Islam Negeri Sunan Kalijagac2008 axii, 67 lembar :Ilus.; 29,5 cm. aSkripsi Aqidah dan Filsafat Ushuluddin Universitas Islam Sunan Kalijaga aBibliografi : hlm. 68-69 aIslam -- Asimilasi aFATHAN aYOPDYOG a47148-PD/A.15